"Mikor nem írok verset, nem vagyok" Petri György: Összegyűjtött versek

Bibliographic Details
Main Author: Papp, Ágnes Klára (Author)
Format: Article
Language:Hungarian
Slovak
Subjects:

MARC

LEADER 00000nab a2200000 a 4500
001 vtls000880862
003 SK-MaSNL
005 20260319075425.0
008 160314c2004 xo 0 hun
015 |a SNBRB2004/08-24684 
035 |a CLN000232388 
040 |a SNKBUCL  |b slo  |c SNKBUCL  |e AACR2 
041 0 |a slo 
044 |a xo  |c SK 
080 |a 82.09:821.511.141-1  |2 UDC-MRF-SK2 
080 |a 821.511.141-1.09  |2 UDC-MRF-SK2 
100 1 |a Papp, Ágnes Klára  |4 aut  |9 872983 
245 1 0 |a "Mikor nem írok verset, nem vagyok"  |b Petri György: Összegyűjtött versek  |c Papp Ágnes Klára 
504 |a Bibliogr. odkazy 
600 1 7 |a Petri, György,  |d 1943-2000  |t Összegyűjtött versek  |2 snkbucl  |9 872984 
655 7 |a kritika a interpretácie  |2 snkbucl  |9 360040 
655 7 |a články z novín a časopisov  |2 snkbucl  |9 267496 
773 0 |t Irodalmi szemle  |g Roč. 47, č. 7 (2004), s. 76-80 
850 |a Slovenská národná knižnica v Martine 
852 |a SNK  |b KIS3GCP 
958 |a HU 
958 |a LX 
958 |a NB 
999 |c 1393113  |d 1395043